| 000 | 00471nam a2200157Ia 4500 | ||
|---|---|---|---|
| 999 |
_c11593 _d11593 |
||
| 082 | _a025.43 CLA; | ||
| 245 | 0 | _aClassification in the 1970's: a discussion of development and prospects for the major schemes | |
| 260 |
_aLondon _bClive Bingley _c1972 |
||
| 300 | _a269p. | ||
| 650 | _aInformation science libraries | ||
| 650 | _aLibrary education | ||
| 650 | _aLibrary science | ||
| 650 | _aClassfication - Books - 1970 | ||
| 700 | _aMaltby, Arthur | ||
| 942 |
_cBK _2ddc |
||